Presscott, Harley, and Klein's microbiology. 7th ed. (Record no. 2903)
[ view plain ]
| 000 -LEADER | |
|---|---|
| fixed length control field | 00529nam a22002057a 4500 |
| 003 - CONTROL NUMBER IDENTIFIER | |
| control field | OSt |
| 005 - DATE AND TIME OF LATEST TRANSACTION | |
| control field | 20210726084941.0 |
| 008 - FIXED-LENGTH DATA ELEMENTS--GENERAL INFORMATION | |
| fixed length control field | 210726b ||||| |||| 00| 0 eng d |
| 020 ## - INTERNATIONAL STANDARD BOOK NUMBER | |
| International Standard Book Number | 0073302082 |
| 020 ## - INTERNATIONAL STANDARD BOOK NUMBER | |
| International Standard Book Number | 9780073302089 |
| 040 ## - CATALOGING SOURCE | |
| Transcribing agency | ALUPE UNIVERSITY |
| 050 ## - LIBRARY OF CONGRESS CALL NUMBER | |
| Classification number | QR41.2 |
| Item number | .P74 2008 |
| 100 ## - MAIN ENTRY--PERSONAL NAME | |
| Personal name | Joanne M Wiley |
| 245 ## - TITLE STATEMENT | |
| Title | Presscott, Harley, and Klein's microbiology. 7th ed. |
| 250 ## - EDITION STATEMENT | |
| Edition statement | 7th ed. |
| 260 ## - PUBLICATION, DISTRIBUTION, ETC. | |
| Place of publication, distribution, etc. | New york |
| Name of publisher, distributor, etc. | McGraw-Hill |
| Date of publication, distribution, etc. | c 2008. |
| 300 ## - PHYSICAL DESCRIPTION | |
| Extent | 1083p |
| 500 ## - GENERAL NOTE | |
| General note | index incl. |
| 942 ## - ADDED ENTRY ELEMENTS (KOHA) | |
| Source of classification or shelving scheme | |
| Koha item type | Book |
| Suppress in OPAC | DO |
| Withdrawn status | Lost status | Source of classification or shelving scheme | Damaged status | Not for loan | Permanent Location | Current Location | Shelving location | Date acquired | Source of acquisition | Total Checkouts | Full call number | Barcode | Date last seen | Price effective from | Koha item type | Public note |
|---|---|---|---|---|---|---|---|---|---|---|---|---|---|---|---|---|
| AU LIBRARY | AU LIBRARY | Open Shelf | 26.07.2021 | Donation from Moi University | QR41.2 .P74 2008 | 28003182 | 26.07.2021 | 26.07.2021 | Book | DO |